000 00829nam a2200241Ia 4500
003 GCL
008 140319s9999 xx 000 0 ara d
040 _aGCL /
_cGCL
082 0 4 _a301.323
_bا ا
100 1 _aابراهيم العيسوى
245 1 0 _aانفجار سكانى ام ازمة تنمية: دراسة فى قضايا السكان والتنمية ومستقبل مصر /
_cابراهيم العيسوى
260 _a[S.N] :
_bدار المستقبل العربى ،
_c1984
300 _a298 ص
490 _a
650 0 4 _aالهجرة
650 0 4 _aالسكان
650 0 4 _aالانفجار السكانى
650 0 4 _aالبيئة والانسان
650 0 4 _aتنظيم الاسرة
650 0 4 _aتعداد السكان
650 0 4 _aالاحصائيات الحيوية
942 _2ddc
_cBK
999 _c34519
_d34519